Stylistics (رقم التسجيلة. 31166)
[ عرض عادي ]
| 000 -الفاتح | |
|---|---|
| حقل البيانات ثابتة الطول | 00915cam a22003138i 4500 |
| 001 - رقم الضبط | |
| رقم الضبط | 17660857 |
| 003 - محدد رقم الضبط | |
| رقم الضبط | OSt |
| 005 - وقت وتاريخ اخر تعامل مع التسجيلة | |
| رقم الضبط | 20171224113618.0 |
| 008 - عناصر البيانات ثابتة الطول - معلومات عامة | |
| حقل البيانات ثابتة الطول | 130315s2013 enk b 001 0 eng |
| 010 ## - رقم ضبط مكتبة الكونجرس | |
| رقم ضبط مكتبة الكونجرس | 2013007976 |
| 020 ## - الرقم الدولى المعيارى للكتب | |
| الرقم الدولى المعيارى للكتاب | 9780194372404 |
| 020 ## - الرقم الدولى المعيارى للكتب | |
| الرقم الدولى المعيارى للكتاب | 0194372405 |
| 040 ## - مصدر الفهرسة | |
| وكالة الفهرسة الأصلية | DLC |
| لغة الفهرسة | eng |
| وكالة النسخ | DLC |
| قواعد الوصف | rda |
| 042 ## - رمز التحقق | |
| رمز التحقق | pcc |
| 050 00 - رقم طلب مكتبة الكونجرس | |
| رقم التصنيف | PN1271 |
| رقم المادة | .V47 2013 |
| 082 00 - رقم تصنيف ديوى العشرى | |
| رقم التصنيف | 809.104 |
| رقم الطبعة | 23 |
| رقم المادة | VPS |
| 100 1# - المدخل الرئيسى - إسم شخصى | |
| الإسم الشخصى | Verdonk, Peter, |
| التواريخ المصاحبة للاسم | 1935- |
| 9 (RLIN) | 37591 |
| 245 14 - بيان العنوان | |
| العنوان | Stylistics |
| بيان المسئوليه,etc | Peter Verdonk. |
| 263 ## - تاريخ النشر المتوقع | |
| تاريخ النشر المتوقع | 1308 |
| 300 ## - الوصف المادى | |
| التعداد | pages cm. |
| 490 0# - بيان السلسلة | |
| عنوان السلسلة | Advances in Stylistics |
| 504 ## - تبصرة ببليوجرافية | |
| تبصرة ببليوجرافية,الخ | Includes bibliographical references and index. |
| 650 #0 - المدخل الاضافى بالموضوع-مصطلح موضوعى | |
| مصطلح موضوعي أو اسم جغرافي كعنصر مدخل | Poetry, Modern |
| التقسيم الفرعي العام | History and criticism. |
| 9 (RLIN) | 8535 |
| 650 #0 - المدخل الاضافى بالموضوع-مصطلح موضوعى | |
| مصطلح موضوعي أو اسم جغرافي كعنصر مدخل | Style, Literary. |
| 9 (RLIN) | 3946 |
| 650 #0 - المدخل الاضافى بالموضوع-مصطلح موضوعى | |
| مصطلح موضوعي أو اسم جغرافي كعنصر مدخل | Poetry |
| التقسيم الفرعي العام | Authorship. |
| 9 (RLIN) | 37592 |
| 906 ## - عنصر بيانات محلى F, LDF (RLIN) | |
| a | 7 |
| b | cbc |
| c | orignew |
| d | 1 |
| e | ecip |
| f | 20 |
| g | y-gencatlg |
| 942 ## - عناصر المدخل الإضافي( كوها) | |
| مصدر التصنيف او مخطط الترفيف | Dewey Decimal Classification |
| Koha [default] item type | كتاب |
| حالة الفقد | نموذج السعر الفعال | حالة تلف | ليس للاعارة | رقم الطلب | تاريخ الاكتساب | الموقع الحالي | الباركود | الفرع الرئيسي | Date last seen | نوع المادة فى نظام كوها | مصدر التصنيف او خطة الترفيف | Total Checkouts |
|---|---|---|---|---|---|---|---|---|---|---|---|---|
| 2013-10-10 | 809.104 VPS | 2013-10-10 | كلية الشريعة والقانون - طلاب | 00400093 | كلية الشريعة والقانون - طلاب | 2013-10-10 | كتاب | Dewey Decimal Classification | ||||
| 2013-10-10 | 809.104 VPS | 2013-10-10 | مكتبة كلية التمريض - طلاب (CNM) | 00400094 | مكتبة كلية التمريض - طلاب (CNM) | 2018-02-05 | كتاب | Dewey Decimal Classification | ||||
| 2013-10-10 | 809.104 VPS | 2013-10-10 | مكتبة كلية التمريض - طلاب (CNM) | 00400095 | مكتبة كلية التمريض - طلاب (CNM) | 2018-02-05 | كتاب | Dewey Decimal Classification | ||||
| 2013-10-10 | 809.104 VPS | 2013-10-10 | مكتبة مجمع الكليات بالزلفى - طلاب (SZM) | 00400091 | مكتبة مجمع الكليات بالزلفى - طلاب (SZM) | 2013-10-10 | كتاب | Dewey Decimal Classification | ||||
| 2013-10-10 | 809.104 VPS | 2013-10-10 | مكتبة مجمع الكليات بالزلفى - طلاب (SZM) | 00400092 | مكتبة مجمع الكليات بالزلفى - طلاب (SZM) | 2013-10-10 | كتاب | Dewey Decimal Classification |
